| 000 | 00363nam a2200145Ia 4500 | ||
|---|---|---|---|
| 008 | 230917s9999||||xx |||||||||||||| ||und|| | ||
| 040 |
_e183332 _aMAIN |
||
| 041 | _aEnglish | ||
| 082 | _a361.60954 C394B | ||
| 100 | _aChauhan, Ghanshyam | ||
| 245 | 0 | _aBharatiya samajik prashasan | |
| 260 |
_aNew Delhi _bVisva Bharati _c2009 |
||
| 300 | _a490 p. | ||
| 942 | _cBK | ||
| 999 |
_c157005 _d157005 |
||